Score 0/20 Timer 06:00
0 Plays Today
% Correct
Iron
97.1%
Silver
91.3%
Tonga
90.6%
Germany
90.4%
Casablanca
89.9%
Mulan
84.3%
Radon
84%
South Korea
82.9%
Radium
81.9%
I Am Legend
81.1%
% Correct
Bahamas
80.4%
Gerald Ford
77.2%
Bill Clinton
74.7%
Patton
72.7%
Woodrow Wilson
72.1%
Sierra Leone
71.5%
Platinum
69.7%
Forrest Gump
64.9%
Herbert Hoover
62.1%
Martin Van Buren
60.4%

You're not logged in!

Compare scores with friends on all Sporcle quizzes.
OR
Log In

Sporcle TV

Today on Sporcle TV


Watch our educational content, quiz creation guides, and fun videos on Sporcle TV.

Show Comments

Extras

Top Quizzes Today


Score Distribution

Your Account Isn't Verified!

In order to create a playlist on Sporcle, you need to verify the email address you used during registration. Go to your Sporcle Settings to finish the process.

Report this User

Report this user for behavior that violates our Community Guidelines.

Details: